Government of India (Record no. 372774)

000 -LEADER
fixed length control field 00361cam a22001217a 4500
008 - FIXED-LENGTH DATA ELEMENTS--GENERAL INFORMATION
fixed length control field 180718b1978 xxu||||| |||| 00| 0 eng d
082 ## - DEWEY DECIMAL CLASSIFICATION NUMBER
Classification number B5x54 M145
100 ## - MAIN ENTRY--PERSONAL NAME
Personal name Macdonald J. Ramsay
245 ## - TITLE STATEMENT
Title Government of India
Statement of responsibility, etc. by J. Ramsay Macdonald
260 ## - PUBLICATION, DISTRIBUTION, ETC.
Place of publication, distribution, etc. London
Name of publisher, distributor, etc. Swarthmore Press
Date of publication, distribution, etc. 1978
300 ## - PHYSICAL DESCRIPTION
Extent 291p.
650 ## - SUBJECT ADDED ENTRY--TOPICAL TERM
Topical term or geographic name entry element India --Politics and government --1765-1947
Holdings
Withdrawn status Lost status Damaged status Not for loan Permanent Location Current Location Date acquired Full call number Barcode Date last seen Price effective from Koha item type
        Indian Institute of Public Administration Indian Institute of Public Administration 2009-08-06 B5x54 M145 53401 2018-07-21 2018-07-21 Book
        Indian Institute of Public Administration Indian Institute of Public Administration 1994-06-17 B5x54 M145 30782 2018-07-21 2018-07-21 Book

Powered by Koha